| 000 | 00772cab a2200229 4500 | ||
|---|---|---|---|
| 001 | ABS55215 | ||
| 008 | 090401t1996 xxu||||| |||| 00| 0 eng d | ||
| 035 | _a(Sirsi) u14871 | ||
| 041 | _aeng | ||
| 245 | _aHighland and Universal Properties Ltd v Safeway Properties Ltd | ||
| 260 | _c1996 | ||
| 350 | _a0 | ||
| 490 |
_aScots Law Times _v1996 SLT 559-563(5) |
||
| 520 | _aOuter House. Lord Penrose. 26 May 1995. Landlords seeking interim order ordaining tenants to keep whole premises open for trade. | ||
| 650 | _aHIGHLAND AND UNIVERSAL PROPERTIES LTD V SAFEWAY PROPERTIES LTD | ||
| 650 | _aKEEP OPEN CLAUSES | ||
| 650 | _aLEASES | ||
| 650 | _aSHOPPING CENTRES | ||
| 690 | _aLANDLORD AND TENANT-CASE LAW-BUSINESS TENANCIES | ||
| 942 | _n0 | ||
| 948 | _c04/03/1997 | ||
| 999 |
_c9707 _d9707 |
||